Suomen kunnat, joiden nimissä on samat kolme alkukirjainta - Statistics

Yleistilastot
  • Tätä visaa on pelattu 1 289 kertaa
    269 viimeisimmän päivityksen jälkeen
  • Keskiarvotulos 82 / 146
Vastaustilastot
Vastaus % Oikein
Kemi
84%
Kemijärvi
82%
Pornainen
77%
Keminmaa
76%
Pori
76%
Alajärvi
75%
Kempele
74%
Porvoo
74%
Alavieska
73%
Tampere
73%
Lappajärvi
72%
Lapua
72%
Oulu
72%
Oulainen
71%
Alavus
70%
Kemiönsaari
68%
Orivesi
68%
Heinola
67%
Lappeenranta
67%
Pyhäjärvi
67%
Lapinjärvi
66%
Pyhäntä
66%
Rautavaara
66%
Salo
66%
Orimattila
65%
Oripää
65%
Rautalampi
65%
Vaasa
65%
Heinävesi
64%
Lapinlahti
64%
Pyhäjoki
64%
Hämeenlinna
63%
Hanko
63%
Kaarina
63%
Siikalatva
63%
Tammela
63%
Eura
62%
Haapajärvi
62%
Haapavesi
62%
Pyhtää
62%
Siikajoki
62%
Ylivieska
62%
Eurajoki
61%
Hämeenkyrö
61%
Karkkila
61%
Kauhava
61%
Kauniainen
61%
Kokkola
61%
Rauma
61%
Siikainen
61%
Hankasalmi
60%
Kauhajoki
60%
Parkano
60%
Kuopio
59%
Lempäälä
59%
Raahe
59%
Hamina
58%
Kankaanpää
58%
Kaustinen
58%
Nurmes
58%
Raasepori
58%
Tuusula
58%
Ylitornio
58%
Harjavalta
57%
Hartola
57%
Karijoki
57%
Kokemäki
57%
Maarianhamina
57%
Pyhäranta
57%
Rautjärvi
57%
Tervo
57%
Tervola
57%
Vaala
57%
Enontekiö
55%
Nurmijärvi
55%
Parainen
55%
Enonkoski
54%
Kangasala
54%
Karstula
54%
Karvia
54%
Lemi
54%
Maalahti
54%
Ranua
54%
Siilinjärvi
54%
Isokyrö
53%
Kaavi
53%
Kannonkoski
53%
Kuhmo
53%
Uusikaupunki
53%
Kuhmoinen
52%
Kuortane
52%
Salla
52%
Savonlinna
52%
Taipalsaari
52%
Taivalkoski
52%
Tuusniemi
52%
Isojoki
51%
Kangasniemi
51%
Lemland
51%
Merijärvi
51%
Merikarvia
51%
Parikkala
51%
Rantasalmi
51%
Suomussalmi
51%
Taivassalo
51%
Jämsä
50%
Kannus
50%
Pielavesi
50%
Savitaipale
50%
Savukoski
50%
Virrat
50%
Pieksämäki
49%
Uusikaarlepyy
49%
Jämijärvi
48%
Pietarsaari
48%
Ruovesi
48%
Kittilä
47%
Hammarland
46%
Konnevesi
46%
Mäntsälä
46%
Suonenjoki
46%
Virolahti
46%
Kitee
45%
Mäntyharju
45%
Pello
45%
Juupajoki
43%
Lieksa
43%
Pelkosenniemi
43%
Vesilahti
43%
Laihia
42%
Laitila
42%
Mänttä-Vilppula
42%
Ruokolahti
42%
Sotkamo
42%
Vesanto
42%
Juuka
41%
Kontiolahti
41%
Lumijoki
40%
Toholampi
40%
Lieto
39%
Lumparland
38%
Tohmajärvi
38%
Sottunga
37%
Saltvik
36%
Kärkölä
33%
Kärsämäki
32%
Ehtoja vastaavia visoja ei löytynyt
Tulosjakauma
Jokaisen tuloksen saaneiden osuus
Persentiili vastausten määrän mukaan
Tuloshistoriasi
Et ole pelannut tätä visaa sen viimeisimmän päivityksen jälkeen